Дело о последовавшем разрешении открыть подписку на стипендию в Театральном училище имени бывшего гофмейстера Всеволожского

Доступно только в Электронных читальных залах Найти на картеНа карте
RUSMARC
00003724nmc2a22002413x 450
001d9e09a77-e6be-4006-bb71-e05f8300affb
00520200912103756.0
100##$a20200313l19091909k l0rusy0189 ca
1010#$arus
102##$aRU
105##$ay###
1220#$ad
2001#$aДело о последовавшем разрешении открыть подписку на стипендию в Театральном училище имени бывшего гофмейстера Всеволожского
$j31 октября 1909 г.
215##$a2 л.
$d36,5х26 см
251##$cДело
300##$aНа бланке обложки указано: "Дело Санкт-Петербургской конторы императорских театров"
371##$aДокумент не является опубликованным и широко распространяемым
461#0$10019264ebf8-de62-4f1a-9eb4-9f22098dbbd5
$12001
$aДирекция императорских театров МИДв
$1251
$cФонд
$1852
$j497
462#0$10016d2858c7-947f-46a8-934e-c3d97596ebca
$12001
$aДирекция императорских театров (1879-1918 гг.)
$1251
$cОпись
$1852
$j6
801#0$aRU
$bРГИА
$c20200313
$gRCR
801#1$aRU
$bГлавНИВЦ
$c20200313
$2rusmarc
801#2$aRU
$bПБ им. Б.Н. Ельцина
$c20200912
$gRCR
$2rusmarc
850##$aРГИА
852##$aРГИА
$eФедеральное казенное учреждение "Российский государственный исторический архив" (РГИА)
$j4941
937##$hРГИА
$d12340013
$aASBIBLIO_SCAN
035##$aRusGRCC00001071
856##$uhttp://readingroom.main.prlib.ru/item.aspx?id_node=n147276947&mode=full
Формат отображения